| 000 | 00341cam a2200133ua 4500 | ||
|---|---|---|---|
| 041 |
_aeng _h |
||
| 082 |
_a828.09 _bWIL/EN |
||
| 100 | _aWilson , John Burgess . | ||
| 245 |
_aEnglish literature / _cJohn Burgess Wilson. _hTextual Documents |
||
| 260 |
_aLondon : _bLongman , _c1958. |
||
| 300 | _a340 ; . | ||
| 942 | _cBK | ||
| 999 |
_c3758 _d3758 |
||